La integración latinoamericana: visiones regionales y subregionales /

שמור ב:
מידע ביבליוגרפי
מחבר ראשי: Solís, Luis Guillermo
מחברים אחרים: Rojas Aravena, Francisco
פורמט: לא ידוע
יצא לאור: San José: Juricentro. OBREAL. FLACSO
נושאים:
תגים: הוספת תג
אין תגיות, היה/י הראשונ/ה לתייג את הרשומה!

MARC

LEADER 00000 a2200000 04500
001 35883
003
008 991231s d
040
090 |a 0001 S687i  
100 |a Solís, Luis Guillermo  
245 |a La integración latinoamericana: visiones regionales y subregionales /  |c Luis Guillermo Solís 
260 |a San José:   |b Juricentro. OBREAL. FLACSO  
300 |a 378 p.  
650 |a INTEGRACION REGIONAL  
650 |a MERCADO  
650 |a ECONOMIA  
650 |a EMPRESAS TRANSNACIONALES  
650 |a GLOBALIZACION  
650 |a AMERICA LATINA  
700 |a   
700 |a Rojas Aravena, Francisco  
700 |a   
999 |c 5222  |d 5222